Catholic University of Zimbabwe Library
Online Public Access Catalogue
(OPAC)

Communication theory (Record no. 28168)

MARC details
000 -LEADER
fixed length control field 01795cam a2200373 i 4500
001 - CONTROL NUMBER
control field bcotR000002
005 - DATE AND TIME OF LATEST TRANSACTION
control field 20210215102132.0
006 - FIXED-LENGTH DATA ELEMENTS--ADDITIONAL MATERIAL CHARACTERISTICS
fixed length control field m o d
007 - PHYSICAL DESCRIPTION FIXED FIELD--GENERAL INFORMATION
fixed length control field cr cn ---uuuuu
008 - FIXED-LENGTH DATA ELEMENTS--GENERAL INFORMATION
fixed length control field 131105s2013 xx o 000 0 eng d
035 ## - SYSTEM CONTROL NUMBER
System control number (Sirsi) sarah0026564
035 ## - SYSTEM CONTROL NUMBER
System control number (OCoLC)884029014
037 ## - SOURCE OF ACQUISITION
Source of stock number/acquisition BCOpenCampus
Terms of availability CostFree
Form of issue FormOnline
Additional format characteristics AccessOpen
040 ## - CATALOGING SOURCE
Original cataloging agency BNM
Language of cataloging eng
Modifying agency CaBSKC
Description conventions rda
050 #4 - LIBRARY OF CONGRESS CALL NUMBER
Classification number P90
Item number C66 2013
245 00 - TITLE STATEMENT
Title Communication theory
264 #1 - PRODUCTION, PUBLICATION, DISTRIBUTION, MANUFACTURE, AND COPYRIGHT NOTICE
Name of producer, publisher, distributor, manufacturer Wikibooks.org,
264 #2 - PRODUCTION, PUBLICATION, DISTRIBUTION, MANUFACTURE, AND COPYRIGHT NOTICE
Name of producer, publisher, distributor, manufacturer BCcampus, BC Open Textbook Project
300 ## - PHYSICAL DESCRIPTION
Extent 1 online resource (119 pages)
500 ## - GENERAL NOTE
General note This work is licensed under the Creative Commons Attribution-NonCommercial-ShareAlike License.
500 ## - GENERAL NOTE
General note This bibliographic record is available under the Creative Commons CC0 "No Rights Reserved" license.
520 ## - SUMMARY, ETC.
Summary, etc. "This book is an introduction to communication theory - the theory of how humans share, encode, and decode what they know, what they need, and what they expect from each other."--BCcampus website.
588 ## - SOURCE OF DESCRIPTION NOTE
Source of description note Description based on version viewed on BCcampus OpenEd website; title from pdf title page.
650 #0 - SUBJECT ADDED ENTRY--TOPICAL TERM
Topical term or geographic name entry element Communication
Form subdivision Textbooks.
655 #0 - INDEX TERM--GENRE/FORM
Genre/form data or focus term Electronic books.
710 2# - ADDED ENTRY--CORPORATE NAME
Corporate name or jurisdiction name as entry element BC Open Textbook Project,
Relator term distributor.
710 2# - ADDED ENTRY--CORPORATE NAME
Corporate name or jurisdiction name as entry element BCcampus.
856 40 - ELECTRONIC LOCATION AND ACCESS
Materials specified BC Open Textbook Project
Uniform Resource Identifier <a href="https://open.bccampus.ca/find-open-textbooks/?uuid=df4d269a-aaa6-47dd-9cb3-4f4eb381154f ">https://open.bccampus.ca/find-open-textbooks/?uuid=df4d269a-aaa6-47dd-9cb3-4f4eb381154f </a>
856 40 - ELECTRONIC LOCATION AND ACCESS
Materials specified BC Open Textbook Project PDF
Uniform Resource Identifier <a href="http://solr.bccampus.ca:8001/bcc/items/df4d269a-aaa6-47dd-9cb3-4f4eb381154f/1/?attachment.uuid=6d3199db-6ff6-43f2-aa85-b5a186fcf31a">http://solr.bccampus.ca:8001/bcc/items/df4d269a-aaa6-47dd-9cb3-4f4eb381154f/1/?attachment.uuid=6d3199db-6ff6-43f2-aa85-b5a186fcf31a</a>
Holdings
Withdrawn status Lost status Source of classification or shelving scheme Damaged status Not for loan Home library Current library Shelving location Date acquired Total Checkouts Full call number Date last seen Uniform Resource Identifier Price effective from Koha item type
          Digital Library Digital Library Online Access 15.02.2021   P90 C66 2013 15.02.2021 https://open.bccampus.ca/find-open-textbooks/?uuid=df4d269a-aaa6-47dd-9cb3-4f4eb381154f 15.02.2021 eBook

OPENING HOURS

Weekdays: 0815hrs - 1800hrs
Weekends:0900hrs - 1200hrs

Closed for Mass:

Mon, Thur: 1200hrs - 1300hrs
Sunday & Public Holiday’s

CALL SUPPORT

0242-570570, 0242-570169
09200664, +263 8644140602

LOCATION

18443, Cranborne Avenue, Hatfield, Harare

Other Links


©2021 | CUZ Library